Olvide todas las reglas que le hayan enseñado sobre el diseño gráfico: incluso las de este libro
محفوظ في:
| المؤلف الرئيسي: | |
|---|---|
| التنسيق: | كتاب |
| اللغة: | الإسبانية البرتغالية |
| منشور في: |
Barcelona
Gustavo Gili
1982
|
| الموضوعات: | |
| الوسوم: |
إضافة وسم
لا توجد وسوم, كن أول من يضع وسما على هذه التسجيلة!
|
MARC
| LEADER | 00000nam a2200000 a 4500 | ||
|---|---|---|---|
| 001 | UCZ1718 | ||
| 003 | CL-VaPUC | ||
| 008 | 950831e19820000SP |||||||||||||||||spa|d | ||
| 041 | 0 | 7 | |a spa |2 CL-VaPUC |
| 041 | 0 | 7 | |a por |2 CL-VaPUC |
| 082 | 0 | 4 | |a 741.6 |b GIL |2 21 |
| 100 | |a Gill, Bob |e author |9 369468 | ||
| 245 | 1 | 0 | |a Olvide todas las reglas que le hayan enseñado sobre el diseño gráfico: incluso las de este libro |
| 300 | |a 178 p | ||
| 942 | |c BK | ||
| 945 | |d 19950831 00:00:00 |a rbrito | ||
| 260 | |a Barcelona |b Gustavo Gili |c 1982 | ||
| 650 | 0 | |a Diseño gráfico |9 266874 | |
| 650 | 0 | |a Diseñadores gráficos |9 345353 | |
| 650 | 0 | |a Artes gráficas |9 265865 | |
| 650 | 7 | |a IMPRESION |2 CL-VaPUC |9 266944 | |
| 650 | 0 | |a Arte comercial |9 345354 | |
| 650 | 7 | |a DIBUJO TECNICO |2 CL-VaPUC |9 345355 | |
| 650 | 0 | |a Diseño industrial |9 262726 | |
| 583 | |a last modification |c 19950831 00:00:00 |k Rodrigo Vera | ||
| 999 | |c 238424 |d 238422 | ||